Desnuda y aguda la dulzura de la vida : antología poética /

Salvato in:
Dettagli Bibliografici
Autore principale: Andresen, Sophia de Mello Breyner (autor)
Altri autori: Bellessi, Diana (traducción) (traducción)
Natura: Libro
Lingua:spagnolo
Pubblicazione: Córdoba, Argentina : Adriana Hidalgo, 2002, c2002
Serie:(El Otro Lado. Poesía)
Soggetti:
Tags: Aggiungi Tag
Nessun Tag, puoi essere il primo ad aggiungerne!!

MARC

LEADER 00000nam^a2200000^a^4500
001 000410492
005 20250521000000.0
009 20260310122048.193
020 |a 987-9396-80-4 
037 |a Acervo ITESO - Biblioteca 
041 |a ESP 
082 |a 869.  |b AND 
100 |a Andresen, Sophia de Mello Breyner  |e (autor) 
245 1 0 |a Desnuda y aguda la dulzura de la vida :  |b antología poética /  |c S. de Mello Breyner Andresen ; selec. y tr. de D. Bellessi. 
264 4 |a Córdoba, Argentina :  |b Adriana Hidalgo,  |c 2002, c2002 
300 |a 263 p. 
336 |a texto  |b txt  |2 rdacontenido 
337 |a sin mediación  |b n  |2 rdamedio 
338 |a volumen  |b nc  |2 rdasoporte 
440 4 |a (El Otro Lado.  |p Poesía) 
521 |a FIL 2018 DIA 
545 0 |a Sophia de Mello Breyner Andresen (1919-2004), fue una escritora y traductora portuguesa, reconocida como poeta. Su formación como filóloga clásica permitió que su obra poética se caracterizara por la fidelidad interpretetiva de la realidad y su sentir por ella, logrando describir y transmitir imágenes fuertes y concretas. En su estilo literario sencillo y directo, cada palabra es necesaria y cada idea redonda, reflejando una profunda atención del mundo. Escribió tanto de la naturaleza, como de la mitología, de la justicia y de la añoranza, de la soledad y de la mentira, recurriendo con frecuencia a un lenguaje de oposición y dicotomía. Sophia también escribió cuentos infantiles cuando sus cinco hijos eran pequeños, y como traductora, interpretó al portugués obras de Claudel, Dante y Shakespeare. Recibió el Prémio Camões en 1999, principal reconocimiento a la obra literaria en lengua portuguesa, y el Premio Reina Sofía de Poesía Iberoamericana en el año 2003. 
546 |a Edición bilingüe español-portugués 
586 |a Premio Camões 1999: Antologías 
586 |a Premio Reina Sofía de Poesía Iberoamericana 2003: Antologías 
649 |a XX 
650 |a Escritores Portugueses -  |x Biografías 
650 |a Poesía Portuguesa 
650 |a Literatura Portuguesa -  |y Siglo XX 
650 |a Literatura de Mujeres -  |z Portugal 
650 |a Andresen, Sophia de Mello Breyner -  |x Tema Principal 
700 |a Bellessi, Diana  |e (traducción) 
910 |a Fondo General 
920 |a Impresos - Libros 
930 |a Colección General 
940 |a Literatura 
905 |a 101 
901 |a 0500311433  |b IT1  |c LIT  |i C164095  |u 20250521 
902 |a https://opac.biblio.iteso.mx/vufind/Record/000410492